Central Library OPAC University of Rajshahi

পাবনা জেলার সমাজ ও সংস্কৃতি ১৯০০-১৯৪৭ / (Record no. 46998)

MARC details
000 -LEADER
fixed length control field 00897nam a22002297a 4500
001 - CONTROL NUMBER
control field 46998
003 - CONTROL NUMBER IDENTIFIER
rucl marc code BD-RjUL
005 - DATE AND TIME OF LATEST TRANSACTION
control field 20211209054238.0
008 - FIXED-LENGTH DATA ELEMENTS--GENERAL INFORMATION
fixed length control field 160806s2009 bg ||||| |||| 00| 0 ben d
020 ## - INTERNATIONAL STANDARD BOOK NUMBER
International Standard Book Number 9840747711
Terms of availability : TK 240.00
035 ## - SYSTEM CONTROL NUMBER
System control number (BD-RjUL)47117
040 ## - CATALOGING SOURCE
Original cataloging agency BD-RjUL
Language of cataloging ben
Transcribing agency BD-RjUL
041 ## - LANGUAGE CODE
Language code of text/sound track or separate title ben
082 ## - DEWEY DECIMAL CLASSIFICATION NUMBER
Edition number 23
Classification number 301.0954924
Author mark and year HAP 2009
100 ## - MAIN ENTRY--PERSONAL NAME
Personal name হাবিবুল্লাহ, মো.
9 (RLIN) 143146
245 10 - TITLE STATEMENT
Title পাবনা জেলার সমাজ ও সংস্কৃতি ১৯০০-১৯৪৭ /
Statement of responsibility, etc. মো. হাবিবুল্লাহ
260 ## - PUBLICATION, DISTRIBUTION, ETC. (IMPRINT)
Place of publication, distribution, etc. ঢাকা :
Name of publisher, distributor, etc. বাংলা একাডেমি,
Date of publication, distribution, etc. ২০০৯
300 ## - PHYSICAL DESCRIPTION
Pagination [১৮], ৪৭১ পৃ. :
Illustrations চিত্র ;
Size ২১ সেমি.
650 ## - SUBJECT ADDED ENTRY--TOPICAL TERM
Topical term or geographic name as entry element সমাজ
Geographic subdivision বাংলাদেশ
9 (RLIN) 139788
Topical term or geographic name as entry element Sociology
Geographic subdivision Bangladesh
9 (RLIN) 142689
942 ## - ADDED ENTRY ELEMENTS (KOHA)
Source of classification or shelving scheme Dewey Decimal Classification
Koha item type Books
Holdings
Lost status Source of classification or shelving scheme Damaged status Not for loan Collection code Permanent Location Current Location Shelving location Date acquired Source of acquisition Cost, normal purchase price Total Checkouts Full call number Date last seen Copy number Koha item type
  Dewey Decimal Classification     Non-fiction Central Library, University of Rajshahi Central Library, University of Rajshahi   02/02/2012 Bangla Academy 240.00   B 301.0954924 HAP 2009 06/08/2016 C-2 Books
  Dewey Decimal Classification   Not For Loan Non-fiction Central Library, University of Rajshahi Central Library, University of Rajshahi Reading Room 02/02/2012 Bangla Academy 240.00   B 301.0954924 HAP 2009 18/12/2016 C-1 Books